| Поле | Инд. | ПП | Название | Значение |
|---|---|---|---|---|
| Тип записи | a | |||
| Библиографический уровень | b | |||
| 001 | Контрольный номер | RU/IS/BASE/504197187 | ||
| 005 | Дата корректировки | 20200625193623.5 | ||
| 008 | Кодируемые данные | 20151223 | ||
| 040 | b | Код языка каталог. | rus | |
| e | Правила каталог. | PSBO | ||
| 041 | 0_ | a | Код языка текста | rus |
| 084 | a | Индекс другой классификации/Индекс ББК | 65.264.1в6 | |
| 100 | 1_ | a | Автор | Лапшин В. А. |
| q | Полное имя | Лапшин Виктор Александрович | ||
| 100 | 1_ | a | Автор | Каушанский В. Я. |
| q | Полное имя | Каушанский Вадим Яковлевич | ||
| 100 | 1_ | a | Автор | Курбангалеев М. З. |
| q | Полное имя | Курбангалеев Марат Зуфарович | ||
| 245 | 10 | a | Заглавие | Оценка кривой бескупонной доходности на российском рынке облигаций |
| 504 | a | Библиография | Лит. | |
| 520 | a | Аннотация | Предлагается новый непараметрический метод оценки кривой бескупонной доходности по рыночным котировкам купонных облигаций. В отличие от существующих альтернатив, предлагаемый метод обладает рядом достоинств. По результатам сравнений предлагаемый метод превосходит другие по всем использованным критериям. | |
| 650 | a | Основная рубрика | методология науки | |
| a | Основная рубрика | методы научного исследования | ||
| a | Основная рубрика | рынок ценных бумаг | ||
| a | Основная рубрика | финансы | ||
| a | Основная рубрика | экономика | ||
| 653 | 1_ | a | Ключевые слова | доходность облигаций |
| a | Ключевые слова | котировка облигаций | ||
| a | Ключевые слова | кривая бескупонной доходности | ||
| a | Ключевые слова | купонные облигации | ||
| a | Ключевые слова | ликвидность облигаций | ||
| a | Ключевые слова | макроэкономика | ||
| a | Ключевые слова | методы оценки доходности | ||
| a | Ключевые слова | непараметрические методы | ||
| a | Ключевые слова | непараметрические модели | ||
| a | Ключевые слова | облигации | ||
| a | Ключевые слова | Россия | ||
| a | Ключевые слова | рынок облигаций | ||
| a | Ключевые слова | рыночная котировка | ||
| a | Ключевые слова | сплайны | ||
| a | Ключевые слова | цена облигаций | ||
| a | Ключевые слова | экономическая теория | ||
| 773 | 0_ | t | Заглавие источника | Экономический журнал ВШЭ |
| d | Дата издания источника | 2015 | ||
| g | Прочая информация | Т. 19, № 1. - С. 9 - 29 : расчет., табл., граф. | ||
| w | Контрольный № источника | RU/IS/BASE/482514989 | ||
| 901 | t | Тип документа | b |